Top Twelve Common Foods which Provide Vitamin C - Statistics

General Stats
  • This quiz has been taken 72 times
  • The average score is 4 of 12
Answer Stats
Hint Answer % Correct
Veggie, can be hot or mild Peppers
78%
They look like tiny cabbages Brussels Sprouts
71%
George HW Bush hated this veggie Broccoli
66%
Italian flat-leafed or curly leafed herb Parsley
45%
Green fruit, aka Chinese Gooseberry Kiwi Fruit
42%
Orange-red, elliptical berry, superfruit Wolfberry
28%
Asian fruit, often canned, also called a nut Lychee
22%
Fruit of a flowering thorny plant Rose hip
15%
Tropical fruit with pear-like texture Guava
14%
Cross between a raspberry and a dewberry Loganberry
12%
Small black, red, or white berries, often dried Currants
11%
Orange fruit, if unripe will pucker your mouth American persimmon
9%
No matching quizzes found
Score Distribution
Percent of People with Each Score
Percentile by Number Answered
Your Score History
You have not taken this quiz